Kluby piłkarskie z top 5 lig 25/26 - Statystyki

Ogólne statystyki
  • Ten quiz został rozwiązany 283 razy
    259 od ostatniego zresetowania
  • Średni wynik to 52 z 96
Statystyki odpowiedzi
Klub % Poprawnych
Manchester City
96%
Arsenal
94%
Liverpool
94%
Manchester United
94%
FC Barcelona
91%
Real Madryt
91%
Chelsea
85%
Atlético Madryt
84%
Bayer Leverkusen
83%
Inter Mediolan
83%
AC Milan
82%
Bayern Monachium
79%
Juventus
79%
Paris Saint-Germain
79%
Tottenham Hotspur
79%
Napoli
78%
Aston Villa
77%
Borussia Dortmund
76%
Real Betis
72%
West Ham United
72%
AS Roma
71%
Newcastle United
69%
Athletic Club
67%
Everton
67%
Sevilla
67%
Villarreal
67%
Olympique Lyon
66%
Real Sociedad
65%
Sunderland
65%
Burnley
62%
Leeds United
61%
Valencia
61%
Atalanta
60%
Girona
60%
S.S. Lazio
60%
Wolverhampton Wanderers
60%
Brighton & Hove Albion
59%
Olympique Marsylia
59%
AS Monaco
58%
Fiorentina
58%
Nottingham Forest
58%
Crystal Palace
57%
Getafe
57%
Espanyol
54%
Fulham
54%
RB Lipsk
54%
Como
53%
Rayo Vallecano
52%
Sassuolo
52%
Brentford
50%
VfB Stuttgart
50%
Eintracht Frankfurt
49%
Lens
49%
Mallorca
49%
Torino
49%
Wolfsburg
49%
Real Oviedo
48%
Union Berlin
48%
Elche
47%
Levante
47%
Celta Vigo
46%
LOSC Lille
46%
Osasuna
46%
Hamburger SV
45%
Bologna
44%
Köln
44%
Mainz
44%
Parma
44%
Stade Rennais
44%
Genoa
42%
Nice
42%
Pisa
42%
Hoffenheim
41%
Udinese
41%
Deportivo Alavés
40%
Stade Brestois 29
39%
Cagliari
38%
Freiburg
38%
Nantes
38%
Paris FC
38%
Werder Brema
37%
Bournemouth
35%
Cremonese
35%
Lecce
35%
St. Pauli
35%
Augsburg
33%
Hellas Werona
33%
Borussia Mönchengladbach
29%
Metz
27%
Angers
25%
Heidenheim
23%
Auxerre
22%
RC Strasbourg
21%
Lorient
20%
Toulouse
20%
Le Havre
10%
Nie znaleziono quizów pasujących do podanych kryteriów
Rozkład punktacji
Procent ludzi z każdym wynikiem
Percentyl według liczby udzielonych odpowiedzi
Twoja historia wyników
Nie rozwiązałeś tego quizu od ostatniego zresetowania